Advanced generalist (Record no. 4592)

MARC details
000 -LEADER
fixed length control field 01337cam a22003254a 4500
001 - CONTROL NUMBER
control field 3574273
003 - CONTROL NUMBER IDENTIFIER
control field mut
005 - DATE AND TIME OF LATEST TRANSACTION
control field 20240606080938.0
008 - FIXED-LENGTH DATA ELEMENTS--GENERAL INFORMATION
fixed length control field 990701s2000 caua b 001 0 eng
010 ## - LIBRARY OF CONGRESS CONTROL NUMBER
LC control number 99006726
020 ## - INTERNATIONAL STANDARD BOOK NUMBER
International Standard Book Number 0803955995 (hardcover : acidfree paper)
020 ## - INTERNATIONAL STANDARD BOOK NUMBER
International Standard Book Number 0803956002 (pbk. : acidfree paper)
040 ## - CATALOGING SOURCE
Original cataloging agency DLC
Transcribing agency DLC
Modifying agency DLC
042 ## - AUTHENTICATION CODE
Authentication code pcc
050 00 - LIBRARY OF CONGRESS CALL NUMBER
Classification number HV40.35
Item number .D47 2000
082 00 - DEWEY DECIMAL CLASSIFICATION NUMBER
Classification number 361.3/2
Edition information 21
100 1# - MAIN ENTRY--PERSONAL NAME
Personal name Derezotes, David S.
245 10 - TITLE STATEMENT
Title Advanced generalist
Remainder of title social work practice /
246 30 - VARYING FORM OF TITLE
Title proper/short title Generalist social work practice
260 ## - PUBLICATION, DISTRIBUTION, ETC.
Place of publication, distribution, etc. Thousand Oaks, Calif. :
Name of publisher, distributor, etc. Sage Publications,
Date of publication, distribution, etc. c2000.
300 ## - PHYSICAL DESCRIPTION
Extent xviii, 253 p. :
Other physical details ill. ;
Dimensions 26 cm.
504 ## - BIBLIOGRAPHY, ETC. NOTE
Bibliography, etc. note Includes bibliographical references and indexes.
650 #0 - SUBJECT ADDED ENTRY--TOPICAL TERM
Topical term or geographic name entry element Social service.
650 #0 - SUBJECT ADDED ENTRY--TOPICAL TERM
Topical term or geographic name entry element Social workers.
856 42 - ELECTRONIC LOCATION AND ACCESS
Materials specified Publisher description
Uniform Resource Identifier <a href="http://www.loc.gov/catdir/enhancements/fy0656/99006726-d.html">http://www.loc.gov/catdir/enhancements/fy0656/99006726-d.html</a>
856 41 - ELECTRONIC LOCATION AND ACCESS
Materials specified Table of contents only
Uniform Resource Identifier <a href="http://www.loc.gov/catdir/enhancements/fy0656/99006726-t.html">http://www.loc.gov/catdir/enhancements/fy0656/99006726-t.html</a>
906 ## - LOCAL DATA ELEMENT F, LDF (RLIN)
a 7
b cbc
c orignew
d 1
e ocip
f 19
g y-gencatlg
942 ## - ADDED ENTRY ELEMENTS (KOHA)
Source of classification or shelving scheme Library of Congress Classification
Koha item type Books
Holdings
Withdrawn status Lost status Source of classification or shelving scheme Damaged status Not for loan Home library Current library Date acquired Total checkouts Full call number Barcode Date last seen Price effective from Koha item type
    Library of Congress Classification     Murang'a University of Technology Library Murang'a University of Technology Library 23/01/2017   HV40.35 .D47 2000 004920 30/08/2024 23/01/2017 Books